Sports Quiz

Random Sports or NFL Quiz

NFL Most Sacked QBs Quiz Stats

 Plays Quiz Updated Aug 18, 2019

Score 0/40 Timer 10:00
6 Plays Today
Times Sacked QB % Correct
525Brett Favre
92%
396Archie Manning
90.2%
406Eli Manning
89.7%
411Philip Rivers
74.8%
516John Elway
73.4%
473Tom Brady
72.1%
358Steve Young
71.8%
410Donovan McNabb
64.1%
501Ben Roethlisberger
62.5%
412Aaron Rodgers
62.4%
321Matt Ryan
62.4%
458Warren Moon
59.3%
417Vinny Testaverde
57.3%
329Matthew Stafford
54.5%
467Drew Bledsoe
51.2%
323Jim Kelly
50.8%
337Kerry Collins
49.6%
333Joe Flacco
47.5%
484Randall Cunningham
46.4%
340Carson Palmer
46.2%
Times Sacked QB % Correct
395Drew Brees
44.3%
477Phil Simms
44.2%
410Alex Smith
41.9%
322Jay Cutler
37.3%
360Matt Hasselbeck
37.2%
390Mark Brunell
36.7%
340Joe Theismann
27.9%
398Ken Anderson
27.8%
494Dave Krieg
26.3%
358Jeff George
24.5%
380Jim Plunkett
24.5%
363Ron Jaworski
23.7%
380Chris Chandler
21.5%
323Jon Kitna
21.2%
353Ken O'Brien
17.7%
361Jim Harbaugh
17.3%
362Neil Lomax
12.6%
356Steve Bartkowski
11.1%
373Craig Morton
10.2%
332Steve Beuerlein
8.2%

You're not logged in!

Compare scores with friends on all Sporcle quizzes.
OR
Log In

Sporcle TV

Today on Sporcle TV


Watch our educational content, quiz creation guides, and fun videos on Sporcle TV.

Show Comments

Extras

Top Quizzes Today


Score Distribution

Your Account Isn't Verified!

In order to create a playlist on Sporcle, you need to verify the email address you used during registration. Go to your Sporcle Settings to finish the process.

Report this User

Report this user for behavior that violates our Community Guidelines.

Details: